History Quiz

Random History or Blitz Quiz

Military Branches by Emblem Quiz Stats

 Plays Quiz Updated Sep 8, 2015

Score 0/5 Timer 02:00
1 Play Today
% Correct
Navy
94.5%
Marine Corps
85%
Army
80.4%
Coast Guard
79.1%
Air Force
68%

You're not logged in!

Compare scores with friends on all Sporcle quizzes.
OR
Log In

Show Comments

Extras

Top Quizzes Today


Score Distribution

Your Account Isn't Verified!

In order to create a playlist on Sporcle, you need to verify the email address you used during registration. Go to your Sporcle Settings to finish the process.

Report this User

Report this user for behavior that violates our Community Guidelines.

Details: